000 00840nam a22002177a 4500
005 20100817110727.0
010 _aENG-100649
020 _a9781935501268
_c2500.00
020 _a1935501267
_c2500.00
035 _aEN-84182
037 _bDBAD/PUB
082 _a359.00954
100 _aHiranandani, GM
_914242
245 _aTransition to guardianship :
_bthe Indian navy 1991-2000 /
_cby GM Hiranandani
260 _aNew Delhi
_bLancer Publishers & Distributors
_c2009
270 _a2/42 (B) Sarvapriya Vihar
_bNew Delhi
_e110016
300 _axlii,331p.
_c29cm (Hb)
_ephotos
500 _aIncludes bibliographical references and index
942 _2ddc
_cEN
_h359.00954
_mHIR
999 _c42250
_d42250